Cinnamon skin : the twentieth adventure of Travis McGee /

Bibliographic Details
Main Author: MacDonald, John D. (John Dann), 1916-1986
Format: Book
Language:English
Published: New York : Harper & Row, [1982]
Edition:1st ed.
Series:MacDonald, John D. (John Dann), 1916-1986. Travis McGee series.

MARC

Tag First Indicator Second Indicator Subfields
LEADER 00000pam a2200000 a 4500
001 in00000088814
005 20151008063249.0
008 820208s1982 nyu 00011 eng
010 |a  81048159  
020 |a 0060149906 :  |c $13.95 
035 |a (OCoLC)08221403 
035 |9 AAK1898AM 
039 0 |a 2  |b 3  |c 3  |d 3  |e 3 
040 |a DLC  |c DLC  |d TXA  |d UtOrBLW 
049 |a TXAM  |c 1 [802685], 2 [271607], 3 [A05970930], 4 [A05970825] 
050 0 0 |a PS3563 A28  |b  C5 1982 
082 0 |a 813/.54  |2 19 
100 1 |a MacDonald, John D.  |q (John Dann),  |d 1916-1986. 
245 1 0 |a Cinnamon skin :  |b the twentieth adventure of Travis McGee /  |c  John D. MacDonald. 
250 |a 1st ed. 
264 1 |a New York :  |b Harper & Row,  |c [1982] 
264 4 |c ©1982 
300 |a 275 pages ;  |c 22 cm. 
336 |a text  |b txt  |2 rdacontent 
337 |a unmediated  |b n  |2 rdamedia 
338 |a volume  |b nc  |2 rdacarrier 
490 1 |a The Travis McGee series 
800 1 |a MacDonald, John D.  |q (John Dann),  |d 1916-1986.  |t Travis McGee series. 
999 |a MARS 
999 f f |s 13288a43-3138-39aa-9666-d3168f35399d  |i f22f0fc9-4166-3d41-bc46-6fab2544a56f  |t 0 
952 f f |p ric  |a Texas A&M University  |b Rellis Campus  |c Joint Library Facility  |d Remote Storage  |t 0  |e PS3563 A28 C5 1982  |h Library of Congress classification  |i unmediated -- volume  |m A14805970930 
998 f f |a PS3563 A28 C5 1982  |t 0  |l Remote Storage